书目信息 |
| 题名: |
制度为什么重要
|
|
| 作者: | 朗兹 , 罗伯茨 著 ;徐常锌 译 | |
| 分册: | ||
| 出版信息: | 北京 中国人民大学出版社 2024.09 |
|
| 页数: | 184页 | |
| 开本: | 26cm | |
| 丛书名: | ||
| 单 册: | ||
| 中图分类: | D034 | |
| 科图分类: | ||
| 主题词: | 政治制度--研究 | |
| 电子资源: | ||
| ISBN: | 978-7-300-33145-4 | |
| 000 | 01260nam0 2200277 450 | |
| 001 | 012761954 | |
| 005 | 20251022163953.48 | |
| 010 | @a978-7-300-33145-4@dCNY58.00 | |
| 100 | @a20246118d2024 em y0chiy0110 ea | |
| 101 | 1 | @achi@ceng |
| 102 | @aCN@b110000 | |
| 105 | @ay z 001yy | |
| 106 | @ar | |
| 200 | 1 | @a制度为什么重要@9zhi du wei shen me zhong yao@e政治科学中的新制度主义@dWhy institutions matter@ethe new institutionalism in political science@f(英)薇薇安·朗兹(Vivien Lowndes),(英)马克·罗伯茨(Mark Roberts)著@g徐常锌译@zeng |
| 210 | @a北京@c中国人民大学出版社@d2024.09 | |
| 215 | @a184页@d26cm | |
| 300 | @a人文社科悦读坊 030 | |
| 330 | @a本书集中探讨以下问题;什么是制度?为什么需要制度?制度是如何产生的?制度是如何运行的?制度会导致什么样的结果?制度是如何发生变迁的?个人和制度如何互动?制度能否解释行为,及其能否验证?什么是好的制度?新制度主义的解释限度? | |
| 510 | 1 | @aWhy institutions matter@ethe new institutionalism in political science@zeng |
| 606 | 0 | @a政治制度@x研究 |
| 690 | @aD034@v5 | |
| 701 | 0 | @c(英)@a朗兹@9lang zi@c(Lowndes, Vivien)@4著 |
| 701 | 0 | @c(英)@a罗伯茨@9luo bo ci@c(Roberts, Mark)@4著 |
| 702 | 0 | @a徐常锌@9xu chang xin@4译 |
| 801 | 0 | @aCN@c20250910 |
| 905 | @a河南城建学院图书馆@dD034@eL056@ZL056@f1 | |
| 制度为什么重要:政治科学中的新制度主义=Why institutions matter:the new institutionalism in political science/(英)薇薇安·朗兹(Vivien Lowndes),(英)马克·罗伯茨(Mark Roberts)著/徐常锌译.-北京:中国人民大学出版社,2024.09 |
| 184页;26cm |
| 人文社科悦读坊 030 |
| ISBN 978-7-300-33145-4:CNY58.00 |
| 本书集中探讨以下问题;什么是制度?为什么需要制度?制度是如何产生的?制度是如何运行的?制度会导致什么样的结果?制度是如何发生变迁的?个人和制度如何互动?制度能否解释行为,及其能否验证?什么是好的制度?新制度主义的解释限度? |
| ● |
| 相关链接 |
|
|
|
正题名:制度为什么重要
索取号:D034/L056
 
预约/预借
| 序号 | 登录号 | 条形码 | 馆藏地/架位号 | 状态 | 备注 |
| 1 | 1634460 | 216344604 | 社科库509/509社科库 67排6列6层/ [索取号:D034/L056] | 在馆 |